<?xml version="1.0" encoding="UTF-8"?>
<marc:record xmlns:marc="http://www.loc.gov/MARC21/slim">
   <marc:leader>00000nam a2200000 a 4500</marc:leader>
   <marc:datafield ind1="1" ind2=" " tag="100">
      <marc:subfield code="a">Neate, Tony</marc:subfield>
      <marc:subfield code="4">aut</marc:subfield>
      <marc:subfield code="e">Verfasser/-in</marc:subfield>
   </marc:datafield>
   <marc:datafield ind1=" " ind2=" " tag="653">
      <marc:subfield code="a">Channeln</marc:subfield>
   </marc:datafield>
   <marc:datafield ind1=" " ind2=" " tag="653">
      <marc:subfield code="a">Medium</marc:subfield>
   </marc:datafield>
   <marc:datafield ind1="0" ind2="0" tag="245">
      <marc:subfield code="a">Jeder kann channeln</marc:subfield>
   </marc:datafield>
   <marc:datafield ind1="0" ind2="0" tag="245">
      <marc:subfield code="b">Eine sichere Anleitung zur Erweiterung der eigenen Intuition</marc:subfield>
   </marc:datafield>
   <marc:datafield ind1="0" ind2="0" tag="245">
      <marc:subfield code="c">Tony Neate</marc:subfield>
   </marc:datafield>
   <marc:datafield ind1=" " ind2="1" tag="264">
      <marc:subfield code="a">Genf</marc:subfield>
      <marc:subfield code="b">Ariston Verl.</marc:subfield>
      <marc:subfield code="c">2002</marc:subfield>
   </marc:datafield>
   <marc:datafield ind1="1" ind2=" " tag="520">
      <marc:subfield code="a">Channeln ist eine vertiefte Form der Intuition, die praktische Lebenshilfe leisten und tiefe innere Einsichten vermitteln kann. Als eine Ausweitung des Geistes hilft es jeden Menschen dabei, sein intuitives Selbst und die subtileren Ebenen des Bewusstseins zu entdecken. Tony Nete versteht Channeling als eine Fähigkeit, die jeder lernen und von der jeder profitieren kann. Mit Hifle anschaulicher Übungen zeigt er, wie man die eigene Sensitivität fördern kann, und führt leicht verständlich in die Technk des Channelns ein.</marc:subfield>
   </marc:datafield>
   <marc:datafield ind1=" " ind2=" " tag="020">
      <marc:subfield code="a">3720524396</marc:subfield>
      <marc:subfield code="9">3720524396</marc:subfield>
   </marc:datafield>
</marc:record>
